Kraje Afryki Południowej - Statystyki

Ogólne statystyki
  • Ten quiz został rozwiązany 164 razy
  • Średni wynik to 11 z 16
Statystyki odpowiedzi
Pierwsza litera państwa Odpowiedź % Poprawnych
R RPA
91%
Z Zambia
89%
A Angola
87%
Z Zimbabwe
87%
L Lesotho
80%
M Madagaskar
78%
M Mozambik
75%
B Botswana
74%
E Eswatini
71%
N Namibia
71%
M Mauritius
66%
S Seszele
61%
K Komory
54%
M Malawi
53%
R Reunion
18%
M Majotta
16%
Nie znaleziono quizów pasujących do podanych kryteriów
Rozkład punktacji
Procent ludzi z każdym wynikiem
Percentyl według liczby udzielonych odpowiedzi
Twoja historia wyników
Nie rozwiązałeś tego quizu